000 00700nam a2200253Ia 4500
003 OSt
005 20221005044002.0
006 a|||||r|||| 00| 0
007 ta
008 221004b |||||||| |||| 00| 0 eng d
020 _a965903654X
024 _a75775
037 _cTextual
040 _aCRL
_cCRL
_beng
041 _2eng
_aeng
082 _aV491, P2
100 _aShay Shaul
_9146611
245 0 _aEndless jihad
_b The Mujahidin, the Taliban and Bin Laden
260 _aHerzliya
_bInternational Policy Institute for Counter-Terrorism Israel
_c2002
300 _a176p.
_ccm.
650 _aHISTORY
942 _hV491, P2
_cTEXL
_2cc
999 _c952699
_d952699